| 000 | 01069nam a2200325Ia 4500 | ||
|---|---|---|---|
| 003 | GCL | ||
| 008 | 140319s9999 xx 000 0 ara d | ||
| 040 |
_aGCL / _cGCL |
||
| 082 | 0 | 4 |
_aم _b953.071 _bا م |
| 100 | 1 | _aاحمد ابراهيم احمد | |
| 245 | 1 | 0 |
_aالموسوعة العامة لتاريخ المغرب والاندلس / _cاحمد ابراهيم احمد |
| 700 | 1 | _aنجيب زبيب | |
| 700 | 1 | _aاحمد ابن سودة | |
| 300 | _aمتعدد | ||
| 490 | _a | ||
| 650 | 0 | 4 | _aالدولة الفاطمية |
| 650 | 0 | 4 | _aموسوعات |
| 650 | 0 | 4 | _aالدولة الاموية |
| 650 | 0 | 4 | _aالمرابطون |
| 650 | 0 | 4 | _aانتشار الاسلام |
| 650 | 0 | 4 | _aالحضارة الاسلامية |
| 650 | 0 | 4 | _aالغزوات الاسلامية |
| 650 | 0 | 4 | _aبنو هلال |
| 650 | 0 | 4 | _aالاندلس - تاريخ |
| 650 | 0 | 4 | _aالازمة الجيولوجية |
| 650 | 0 | 4 | _aالتاريخ الاسلامى - المغرب |
| 650 | 0 | 4 | _aجامع القرويين |
| 650 | 0 | 4 | _aالادارسة |
| 942 |
_2ddc _cBK |
||
| 999 |
_c40984 _d40984 |
||